Seis pares de zapatos para la acción: una solución para cada problema y un enfoque para cada solución
Uloženo v:
| Hlavní autor: | |
|---|---|
| Médium: | Kniha |
| Jazyk: | španělština |
| Vydáno: |
Buenos Aires, Argentina
Paidós
1994
|
| Edice: | Paidós Empresa,
3 |
| Témata: | |
| Tagy: |
Přidat tag
Žádné tagy, Buďte první, kdo vytvoří štítek k tomuto záznamu!
|
MARC
| LEADER | 00000nam a2200000 a 4500 | ||
|---|---|---|---|
| 001 | UCY5483 | ||
| 003 | CL-VaPUC | ||
| 005 | 20210826074558.0 | ||
| 008 | 950508e19940000AG |||||||||||||||||spa|d | ||
| 999 | |c 233139 |d 233137 | ||
| 040 | |c Pontificia Universidad Católica de Valparaíso | ||
| 082 | 0 | 4 | |a 158.1 BON 1994 |2 21 |
| 100 | 0 | |a Bono, Edward de |e autor |9 334300 | |
| 245 | 1 | 0 | |a Seis pares de zapatos para la acción: una solución para cada problema y un enfoque para cada solución |
| 260 | 0 | 3 | |a Buenos Aires, Argentina |b Paidós |c 1994 |
| 300 | |a 179 páginas | ||
| 490 | 0 | |a Paidós Empresa, |v 3 | |
| 583 | |a last modification |c 19950508 00:00:00 |k Rodrigo Vera | ||
| 650 | 0 | |a Psicología aplicada |9 270762 | |
| 650 | 0 | |a Creatividad |9 310816 | |
| 650 | 0 | |a Toma de decisiones |9 257530 | |
| 942 | |c BK |2 ddc | ||
| 945 | |d 19950508 00:00:00 |a awong | ||
| 952 | |0 0 |1 0 |2 ddc |4 0 |6 158_100000000000000_BON_1994 |7 0 |8 A |9 238397 |a BIBEDU |b BIBEDU |d 2019-11-18 |i 3082733 |o 158.1 BON 1994 |p 3082733 |r 2019-11-18 |t 1 |w 2019-11-18 |y BK |k EPE | ||